| 000 | 01415nam a22002777a 4500 | ||
|---|---|---|---|
| 003 | OSt | ||
| 005 | 20251007173147.0 | ||
| 008 | 251007b |||||||| |||| 00| 0 eng d | ||
| 020 | _a9589126211 | ||
| 040 |
_aCO-UdeC _bspa _cCO-UdeC |
||
| 041 | 0 | _aspa | |
| 082 | 0 | 4 |
_a711 _bC581 |
| 111 | 2 |
_aSeminario Internacional Construyendo Hoy las Ciudades del Mañana _d(1999 : _c Medellín) |
|
| 245 | 1 | 1 |
_a"Construyendo hoy las ciudades del mañana" : _bmemorias, seminario internacional / _ccompilación y edición Rafael Rueda Bedoya |
| 260 |
_aMedellín : _bPrograma Forhum-Escuela Superior del Hábitat y el Desarrollo Local, _c1999 |
||
| 300 |
_a200 p. : _bil. ; _c27 cm |
||
| 490 | 0 |
_aEnsayos Forhum ; _v9 |
|
| 500 | _aA la cabeza del título: Programa de Cooperación Sur-Sur con el apoyo del Gobierno de los Países Bajos, por el Desarrollo de las Ciencias y las Artes del Habitar. | ||
| 650 | 1 | 4 |
_aHábitat _vCongresos, conferencias, etc. |
| 650 | 1 | 4 |
_aCiudades y pueblos _vCongresos, conferencias, etc. |
| 650 | 2 | 4 |
_aDesarrollo urbano _vCongresos, conferencias, etc. |
| 700 | 1 |
_aRueda Bedoya, Rafael, _ecompilador |
|
| 710 | 1 |
_aUniversidad Nacional de Colombia (Medellín). _bFacultad de Arquitectura. Centro de Estudios de Hábitat Popular |
|
| 710 | 1 | _aPrograma de Formación de Recursos Humanos para la Autogestión del Hábitat Urbano en el Área Andina | |
| 942 |
_2ddc _cBK _h711 _iC581 _n0 |
||
| 999 |
_c2174 _d2174 |
||